| 000 | 00636nam a2200193 i 4500 | ||
|---|---|---|---|
| 001 | 19739 | ||
| 003 | ES-MaACL | ||
| 005 | 20230906152145.0 | ||
| 007 | t| | ||
| 008 | 021010s1885 po |||| | por d | ||
| 100 | 1 |
_aAbreu, Eduardo, _d1856- _918151 |
|
| 245 | 1 | 0 |
_aNotas de um viagem de estudo _b: o medico Ferran e o problema scientifico de vaccinaçao cholerica / _cpor Eduardo Abreu. |
| 260 |
_aLisboa : _b[s.n.], _c1885 ( _fTypographia Universal) |
||
| 300 |
_a256 p. ; _c20 cm. |
||
| 600 | 1 | 4 |
_aFerrán y Clúa, Jaime. _950249 |
| 650 |
_aCólera- _xVacunación. _9170625 |
||
| 852 |
_aES-MaACL _jT-424-F-5 |
||
| 999 |
_c19739 _d19739 |
||